'OQYZ' Countries on a Map Quiz Stats

 Plays Quiz Updated Jan 17, 2016

Challenge
Share
Tweet
Score 0/5 Timer 00:30
23 Plays Today
% Correct
Yemen
88.1%
Oman
86.7%
Qatar
86.2%
Zimbabwe
83.1%
Zambia
81.1%

You're not logged in!

Compare scores with friends on all Sporcle quizzes.
OR
Log In

You Might Also Like...

Show Comments

Extras

Top Quizzes Today


Score Distribution

Your Account Isn't Verified!

In order to create a playlist on Sporcle, you need to verify the email address you used during registration. Go to your Sporcle Settings to finish the process.

Report this User

Report this user for behavior that violates our Community Guidelines.

Details: